Statistics for Every Top 10 NWSL Draft Pick

Click here to take the quiz!

General Stats

  • This quiz has been taken 9 times
  • The average score is 49 of 120

Answer Stats

Yr#SchoolTeamName% Correct
'231Harvard-WestlakeAngel CityAlyssa Thompson
100%
'141UNCWashington SpiritCrystal Dunn
80%
'211UNCRacing LouisvilleEmily Fox
80%
'161VirginiaPortland ThornsEmily Sonnett
80%
'221StanfordSan Diego WaveNaomi Girma
80%
'171WisconsinBoston BreakersRose Lavelle
80%
'201StanfordPortland ThornsSophia Smith
80%
'153UCLAWestern NY FlashAbby Dahlkemper
60%
'241UNCUtah RoyalsAlly Sentnor
60%
'181StanfordWashington SpiritAndi Sullivan
60%
'204UCLAWashington SpiritAshley Sanchez
60%
'164Florida StSeattle ReignCarson Pickett
60%
'167Florida StWashington SpiritCheyna Williams
60%
'243GeorgiaChicago Red StarsCroix Bethune
60%
'226VirginiaNC CourageDiana Ordonez
60%
'245ClemsonHoustonHal Hershfelt
60%
'234Florida StNJ/NY Gotham FCJenna Nighswonger
60%
'143Santa ClaraChicago Red StarsJulie Johnston
60%
'214StanfordKansas CityKiki Pickett
60%
'133Boston CollegeFC Kansas CityKristie Mewis
60%
'156PepperdineWestern NY FlashLynn Williams
60%
'179HarvardBoston BreakersMargaret Purce
60%
'225UCLAOrlando PrideMia Fishel
60%
'1710USCSky Blue FCMiranda Freeman
60%
'151VirginiaHouston DashMorgan Brian
60%
'202Washington StPortland ThornsMorgan Weaver
60%
'154UCLAWestern NY FlashSamantha Mewis
60%
'224USCRacing LouisvilleSavannah DeMelo
60%
'242UNCBay FCSavy King
60%
'191StanfordChicago Red StarsTierna Davidson
60%
'212Washington StWashington SpiritTrinity Rodman
60%
'208NC StUtah RoyalsTziarra King
60%
'2310VirginiaKC CurrentAlexa Spaanstra
40%
'206Texas A&MNC CourageAlleandra Watt
40%
'186WVUSky Blue FCAmandine Pierre-Louis
40%
'158KentuckyChicago Red StarsArin Gilliland
40%
'172BYUNC CourageAshley Hatch
40%
'2210DukeOrlando PrideCaitlin Cosme
40%
'1310VirginiaWashington SpiritCaroline Miller
40%
'135Florida StBoston BreakersCasey Short
40%
'175DukeFC Kansas CityChristina Gibbons
40%
'207VirginiaOrlando PrideCourtney Peterson
40%
'2110FloridaNC CourageDeanne Rose
40%
'198UNCWashington SpiritDorian Bailey
40%
'223Va TechNC CourageEmily Gray
40%
'233Florida StOrlando PrideEmily Madril
40%
'215LouisvilleRacing LouisvilleEmina Ekic
40%
'205USFSky Blue FCEvelyne Viens
40%
'1810Penn StNC CourageFrannie Crouse
40%
'189FloridaPortland ThornsGabby Seiler
40%
'199PepperdineNC CourageHailey Harbison
40%
'192UCLASky Blue FCHailie Mace
40%
'187NebraskaHouston DashHaley Hanson
40%
'185DukeSky Blue FCImani Dorsey
40%
'157Texas TechWestern NY FlashJaelene Hinkle
40%
'222Florida StRacing LouisvilleJaelin Howell
40%
'168Texas TechHouston DashJanine Beckie
40%
'193StanfordWashington SpiritJordan DiBiasi
40%
'196UNCSky Blue FCJulia Ashley
40%
'145Florida StFC Kansas CityKassey Kallman
40%
'174USCSky Blue FCKayla Mills
40%
'142UNCHouston DashKealia Ohai
40%
'209Santa ClaraReign FCKelcie Hedge
40%
'2010UCFOrlando PrideKonya Plummer
40%
'195USCNC CourageLeah Pruitt
40%
'176StanfordSeattle ReignMaddie Bauer
40%
'229Grand CanyonSD WaveMarleen Schimmer
40%
'248StanfordBay FCMaya Doms
40%
'184WVUSky Blue FCMichaela Abam
40%
'169Florida StWestern NY FlashMichaela Hahn
40%
'232DukeKC CurrentMichelle Cooper
40%
'173USCBoston BreakersMorgan Andrews
40%
'236Notre DameNC CourageOlivia Wingate
40%
'1910ButlerSky Blue FCPaige Monaghan
40%
'237Penn StChicago Red StarsPenelope Hocking
40%
'1410Ole MissHouston DashRafaelle Souza
40%
'183DukeWashington SpiritRebecca Quinn
40%
'246UCLARacing LouisvilleReilyn Turner
40%
'1610CalOrlando PrideSamantha Witteman
40%
'188Notre DamePortland ThornsSandra Yu
40%
'182S CarolinaBoston BreakersSavannah McCaskill
40%
'238UC BerkeleyNC CourageSydney Collins
40%
'203ColoradoOrlando PrideTaylor Kornieck
40%
'144IllinoisChicago Red StarsVanessa DiBernardo
40%
'219UCLAOrlando PrideVivana Villacorta
40%
'228St. John'sOL ReignZsanett Kajan
40%
'136Oklahoma StWestern NY FlashAdrianna Franch
20%
'249UCLAOrlando PrideAlly Lemos
20%
'147PortlandSeattle ReignAmanda Frisbie
20%
'244BYUUtah RoyalsBrecken Mozingo
20%
'213UNCSky Blue FCBrianna Pinto
20%
'165Notre DameHouston DashCari Roccaro
20%
'163FloridaBoston BreakersChristen Westphal
20%
'137Penn StSeattle ReignChristine Nairn
20%
'239Florida StNC CourageClara Robbins
20%
'149StanfordWestern NY FlashCourtney Verloo
20%
'159VirginiaChicago Red StarsDanielle Colaprico
20%
'177UCLANC CourageDarian Jenkins
20%
'227Washington StKC CourageElyse Bennett
20%
'178CalBoston BreakersIfeoma Onumonu
20%
'247Penn StWashington SpiritKate Wiesner
20%
'138FloridaPortland ThornsKat Williamson
20%
'1510Florida StSky Blue FCKristin Grubka
20%
'2410Florida StChicago Red StarsLeilanni Nesbeth
20%
'134BYUSky Blue FCLindsi Cutshall
20%
'217StanfordChicago Red StarsMadison Haley
20%
'146Penn StSky Blue FCMaya Hayes
20%
'148MichiganBoston BreakersNkem Ezurike
20%
'166St. John'sHouston DashRachel Daly
20%
'139StanfordChicago Red StarsRachel Quon
20%
'162Penn StSky Blue FCRaquel Rodriguez
20%
'235AlabamaPortland ThornsReyna Reyes
20%
'194ClemsonWashington SpiritSam Staab
20%
'152UCLASky BlueSarah Killion
20%
'155Boston CollegeChicago Red StarsStephanie McCaffrey
20%
'218USCWashington SpiritTara McKeown
20%
'197StanfordWashington SpiritTegan McGrady
20%
'132Florida StWashington SpiritTiffany McCarty
20%
'216TCUPortland ThornsYazmin Ryan
20%
'131UCLAChicago Red StarsZakiya Bywaters
20%

Score Distribution

Percentile by Number Answered

Percent of People with Each Score

Your Score History

You have not taken this quiz